Kluby piłkarskie które wygrały ligę mistrzów - Statystyki

Ogólne statystyki
  • Ten quiz został rozwiązany 768 razy
  • Średni wynik to 9 z 12
Statystyki odpowiedzi
Odpowiedź % Poprawnych
2017/2018 real madryt
99%
2014/2015 FC barcelona
93%
2018/2019 liverpool
93%
2012/2013 Bayern Monachium
86%
2011/2012 Chelsea
83%
2007/2008 Manchester United
83%
2006/2007 A.C. Milan
78%
2009/2010 Inter Mediolan
72%
1995/1996 Juventus
71%
1996/1997 Borussia Dortmund
60%
2003/2004 FC Porto
60%
1994/1995 Ajax Amsterdam
47%
Nie znaleziono quizów pasujących do podanych kryteriów
Rozkład punktacji
Procent ludzi z każdym wynikiem
Percentyl według liczby udzielonych odpowiedzi
Twoja historia wyników
Nie rozwiązałeś tego quizu